[Event "Norrkoping op"]
[Site "Norrkoping"]
[Date "2025.04.19"]
[Round "4"]
[White "Tornberg, Carlos"]
[Black "Cederstam Barsk, Carl"]
[Result "0-1"]
[WhiteElo "2152"]
[BlackElo "2297"]
[PlyCount "118"]
[EventDate "2025.04.18"]
[EventType "swiss"]
[EventRounds "8"]
[EventCountry "SWE"]
[SourceTitle "CB17_2025"]
[SourceDate "2025.04.23"]
[SourceVersion "1"]
[SourceVersionDate "2025.04.23"]
[SourceQuality "1"]

1. e4 e5 2. Nf3 Nc6 3. Bc4 Bc5 4. 0-0 Nf6 5. d4 Bxd4 6. Nxd4 Nxd4 7. f4 d6 8. fxe5 dxe5 9. Bg5 Be6 10. Nd2 Rg8 11. Kh1 Qe7 12. c3 Bxc4 13. Nxc4 Ne6 14. Bxf6 gxf6 15. Qa4+ c6 16. Rad1 Nc5 17. Qc2 Rg4 18. b4 Ne6 19. Nd6+ Kf8 20. Nf5 Qc7 21. Qe2 Rg5 22. Qf2 a5 23. Qh4 h5 24. a3 axb4 25. axb4 Ra2 26. Ra1 Rxa1 27. Rxa1 Qd8 28. Qf2 Kg8 29. Rf1 Kh7 30. Ne3 Qd3 31. Qf3 Ng7 32. h4 Rg6 33. Rd1 Qxc3 34. Rd7 Qe1+ 35. Nf1 Qxh4+ 36. Kg1 Rg4 37. Rxf7 Rf4 38. Qe2 Rxe4 39. Qd3 f5 40. Ng3 Rf4 41. Rxg7+ Kxg7 42. Nxf5+ Rxf5 43. Qxf5 Qd4+ 44. Kh1 h4 45. Qg5+ Kf7 46. Qf5+ Ke7 47. Qh7+ Kd6 48. Qxb7 Qe4 49. Qc8 Kd5 50. b5 Qe1+ 51. Kh2 Qg3+ 52. Kh1 cxb5 53. Qb7+ Kc5 54. Qc7+ Kb4 55. Qc2 Qe1+ 56. Kh2 Qc3 57. Qe4+ Qd4 58. Qb1+ Kc5 59. Qc2+ Kb6 0-1

[Event "Norrkoping op"]
[Site "Norrkoping"]
[Date "2025.04.19"]
[Round "5"]
[White "Tornberg, Carlos"]
[Black "Elmi, Saad Abobaker"]
[Result "1-0"]
[WhiteElo "2152"]
[BlackElo "2407"]
[PlyCount "59"]
[EventDate "2025.04.18"]
[EventType "swiss"]
[EventRounds "8"]
[EventCountry "SWE"]
[SourceTitle "CB17_2025"]
[SourceDate "2025.04.23"]
[SourceVersion "1"]
[SourceVersionDate "2025.04.23"]
[SourceQuality "1"]

1. e4 c5 2. c3 d5 3. exd5 Nf6 4. d4 Nxd5 5. Nf3 cxd4 6. Nxd4 e5 7. Nf3 Nc6 8. Bb5 f6 9. 0-0 Be6 10. Qe2 Qd7 11. c4 Nc7 12. Ba4 Qf7 13. Qe4 Bd7 14. Nc3 Ne6 15. Be3 Bc5 16. Bc2 Bxe3 17. fxe3 Nc5 18. Qh4 0-0-0 19. a3 g5 20. Qh6 Qxc4 21. Nd2 Qh4 22. Qxf6 Bg4 23. Nde4 Nxe4 24. Bxe4 Bd7 25. Qd6 Bg4 26. Qc5 Qh6 27. Nb5 Bd7 28. Nxa7+ Kb8 29. Nb5 Qe6 30. Rad1 1-0

[Event "Prague Pelikan Memorial 24th"]
[Site "Prague"]
[Date "2022.08.05"]
[Round "9"]
[White "Hansch, Karsten"]
[Black "Tornberg, Carlos"]
[Result "1-0"]
[WhiteElo "2320"]
[BlackElo "1983"]
[PlyCount "41"]
[EventDate "2022.07.30"]
[EventType "tourn"]
[EventRounds "9"]
[EventCountry "CZE"]
[SourceTitle "CBM 209 Extra"]
[Source "ChessBase"]
[SourceDate "2022.09.30"]
[SourceVersion "1"]
[SourceVersionDate "2022.09.30"]
[SourceQuality "1"]

1. e4 e5 2. Nf3 Nc6 3. d4 exd4 4. Nxd4 Bc5 5. Nb3 Bb6 6. Nc3 d6 7. Bb5 Bd7 8. Qe2 a6 9. Bd3 Nf6 10. Bg5 h6 11. Bh4 g5 12. Bg3 Qe7 13. 0-0-0 0-0-0 14. Bxa6 bxa6 15. Qxa6+ Kb8 16. Bxd6 cxd6 17. Qxb6+ Kc8 18. Nb5 Be8 19. e5 dxe5 20. Na5 Nd5 21. Qa6+ 1-0

[Event "Prague Pelikan Memorial 24th"]
[Site "Prague"]
[Date "2022.07.31"]
[Round "1"]
[White "Tornberg, Carlos"]
[Black "Hogeman, Joel"]
[Result "0-1"]
[WhiteElo "1983"]
[BlackElo "2160"]
[PlyCount "74"]
[EventDate "2022.07.30"]
[EventType "tourn"]
[EventRounds "9"]
[EventCountry "CZE"]
[SourceTitle "CBM 209 Extra"]
[Source "ChessBase"]
[SourceDate "2022.09.30"]
[SourceVersion "1"]
[SourceVersionDate "2022.09.30"]
[SourceQuality "1"]

1. e4 c5 2. c3 d5 3. exd5 Nf6 4. d4 Nxd5 5. dxc5 e6 6. c4 Nb4 7. Qxd8+ Kxd8 8. Na3 Bxc5 9. Bd2 N8c6 10. 0-0-0 Ke7 11. Kb1 e5 12. f3 Bf5+ 13. Ka1 Rhd8 14. Ne2 Nc2+ 15. Nxc2 Bxc2 16. Bg5+ f6 17. Rc1 Bg6 18. Bh4 Be3 19. Rb1 Bxb1 20. Kxb1 Rd1+ 21. Kc2 Rad8 22. Kb3 g5 23. Bg3 Nd4+ 24. Nxd4 R8xd4 25. h4 h5 26. hxg5 Bxg5 27. Bf2 R4d2 28. Bc5+ Kf7 29. Ba3 h4 30. c5 Kg7 31. g3 hxg3 32. Rg1 Bf4 33. Rg2 Rxg2 34. Bxg2 f5 35. Bb4 Kf6 36. a4 Rg1 37. c6 bxc6 0-1

[Event "Malmo op"]
[Site "Malmo"]
[Date "2021.12.18"]
[Round "5"]
[White "Poley, Vladimir"]
[Black "Tornberg, Carlos"]
[Result "1-0"]
[WhiteElo "2323"]
[BlackElo "1990"]
[PlyCount "191"]
[EventDate "2021.12.17"]
[EventType "swiss"]
[EventRounds "8"]
[EventCountry "SWE"]
[SourceTitle "CBM 205 Extra"]
[Source "ChessBase"]
[SourceDate "2022.01.31"]
[SourceVersion "1"]
[SourceVersionDate "2022.01.31"]
[SourceQuality "1"]

1. Nf3 Nf6 2. g3 c5 3. Bg2 g6 4. 0-0 Bg7 5. e3 0-0 6. d4 b6 7. Ne5 d5 8. c4 Bb7 9. Nc3 e6 10. Qc2 Qe7 11. dxc5 bxc5 12. b3 dxc4 13. Bxb7 Qxb7 14. Nxc4 Nc6 15. Bb2 Nb4 16. Qe2 h5 17. Rfd1 Nbd5 18. Qf3 Rab8 19. Na4 Nd7 20. Bxg7 Kxg7 21. Rac1 Qc7 22. e4 N5b6 23. Qc3+ Kg8 24. Nab2 Rfd8 25. Nd6 Nd5 26. exd5 Qxd6 27. Nc4 Qe7 28. dxe6 Qxe6 29. Rd6 Qe8 30. Re1 Qf8 31. Ra6 Rb7 32. Na5 Rc7 33. Nc6 Nb8 34. Nxb8 Rxb8 35. Qe5 Rbc8 36. Qd5 Kh7 37. Re4 Rd8 38. Qe5 Rd1+ 39. Kg2 Qa8 40. Rf6 Qb7 41. Rf3 Rd5 42. Qf6 Rf5 43. Rxf5 Qxe4+ 44. Rf3 Rd7 45. h3 Kg8 46. Kh2 Qe7 47. Qc3 Qe2 48. Rf4 Rd1 49. Qf6 Rd7 50. Qc6 Qe7 51. Re4 Qd6 52. Re8+ Kh7 53. Qxd6 Rxd6 54. Re7 Ra6 55. Rxf7+ Kg8 56. Rc7 Rxa2 57. Kg2 Rb2 58. Rxc5 Rxb3 59. Rc8+ Kg7 60. Rc7+ Kf6 61. Rxa7 Rc3 62. Ra6+ Kf5 63. Ra8 Rb3 64. Rf8+ Kg5 65. Rf3 Rb1 66. Ra3 Rc1 67. Kf3 Rc2 68. Ke3 Rb2 69. Rd3 Ra2 70. Rd5+ Kf6 71. f3 Rh2 72. Rd6+ Kf5 73. g4+ hxg4 74. hxg4+ Kg5 75. Rd5+ Kf6 76. Kf4 Ra2 77. Rd6+ Kf7 78. Kg5 Ra5+ 79. Kh6 Ra3 80. f4 Ra4 81. Rd7+ Ke6 82. Rg7 Rxf4 83. g5 Rf1 84. Kxg6 Rg1 85. Rg8 Ke7 86. Kh7 Rh1+ 87. Kg7 Rg1 88. g6 Ra1 89. Rf8 Rg1 90. Rf4 Rg2 91. Re4+ Kd8 92. Kf7 Rf2+ 93. Kg8 Rf5 94. g7 Rf1 95. Kh7 Rh1+ 96. Kg6 1-0

[Event "Malmo op"]
[Site "Malmo"]
[Date "2018.12.14"]
[Round "1"]
[White "Razin, Vadim"]
[Black "Tornberg, Carlos"]
[Result "1-0"]
[WhiteElo "2381"]
[BlackElo "1887"]
[PlyCount "63"]
[EventDate "2018.12.14"]
[EventType "swiss"]
[EventRounds "8"]
[EventCountry "SWE"]
[SourceTitle "CBM 187 Extra"]
[Source "ChessBase"]
[SourceDate "2018.11.04"]
[SourceVersion "1"]
[SourceVersionDate "2018.11.04"]
[SourceQuality "1"]

1. d4 Nf6 2. Nf3 e6 3. c4 c5 4. d5 exd5 5. cxd5 d6 6. e4 g6 7. Nc3 a6 8. a4 Bg4 9. Be2 Bxf3 10. Bxf3 Bg7 11. 0-0 0-0 12. Bf4 Qe7 13. Qb3 h5 14. Rfe1 Nh7 15. e5 dxe5 16. d6 Qxd6 17. Rad1 c4 18. Qxb7 Qxd1 19. Rxd1 Nc6 20. Qxc6 Rac8 21. Qxa6 exf4 22. Bd5 Rb8 23. Qxg6 Rxb2 24. Bxc4 Kh8 25. Qd3 Ng5 26. h4 Ne6 27. Ne4 f3 28. Qxf3 Nd4 29. Qxh5+ Kg8 30. Ng5 Rc8 31. Qxf7+ Kh8 32. Qh5+ 1-0